LDR 00952nam a2200241 i 4500 001 000000076826 003 CaOOAMICUS 005 20260515124030.0 008 010517s1996 fr u000 u fre u 013 $a47998 020 $a2-204-05508-5 040 $aSeMil$bita 100 1 $aSiegwalt, Gérard,$d<1932- >.$0(OLS)http://semarc/name/2566 245 10$aSciences et philosophie de la nature /$cGérard Siegwalt. 300 $a297 p. ;$c22 cm 650 4$aCosmologia.$0(OLS)http://semarc/subject/1855 773 0 $aSiegwalt, Gérard <1932- >$tAffirmation de la foi.$dParis : Les Éditions du Cerf, 1996-2000.$g1$w()3367 850 $aSeMil 852 $aSeMil$W1$xVenegono$y1$m2B II 664$j272051$B42978$CSeMilBibl$Z2$F42892 $81 961 $aAcquisto: SODIS 996 $6020$a2-204-05508-5$9(OLS)http://semarc/number/58013 996 $6245$aSciences et philosophie de la nature$9(OLS)http://semarc/title/124608